| 000 | 00527nam a22001817a 4500 | ||
|---|---|---|---|
| 003 | NUST - PNEC | ||
| 005 | 20170116180807.0 | ||
| 008 | 150413b xxu||||| |||| 00| 0 eng d | ||
| 040 | _cLIBRARY | ||
| 082 | _a297.68 NAD | ||
| 100 |
_92418 _aNadvi, Abul Hasan Ali |
||
| 245 |
_aTareekh-e-dawat o azeemat vol-2 _cMaulana Syed Abul Hassan Nadvi |
||
| 260 |
_aKarachi: _bMajlis nasharyat e Islam, |
||
| 300 |
_a412 p. : _c22 cm. |
||
| 648 |
_92419 _aIslam, Sufism |
||
| 650 |
_92421 _aIslam and Sufism _xGeneral |
||
| 942 |
_2ddc _cBK |
||
| 999 |
_c63245 _d63245 |
||